000 00394pab a2200169 454500
008 180718b2014 xxu||||| |||| 00| 0 eng d
100 _aRajamani, R.C.
245 _aRural development budget - critical appraisal
260 _c2014
300 _ap.9-12.
362 _aAug
650 _aRural development
650 _aBudgets
773 _aKurukshetra
908 _aN
909 _a105420
999 _c105415
_d105415